Statistics for All Airports in Colorado

Click here to take the quiz!

General Stats

  • This quiz has been taken 27 times
  • The average score is 8 of 10

Answer Stats

HintAnswer% Correct
DENDenver
100%
ASEAspen
90%
COSColorado Springs
90%
EGE (Answer is Eagle/Vail)Eagle/Vail
90%
GJTGrand Junction
81%
PUBPueblo
81%
DRODurango
76%
HDNHayden
62%
MTJMontrose
62%
GUCGunnison
52%

Score Distribution

Percentile by Number Answered

Percent of People with Each Score

Your Score History

You have not taken this quiz